Normal view
MARC view
- Movimientos sociales
Entry Materia
001 - NÚMERO DE CONTROL DEL REGISTRO
- campo de control: 25403
003 - IDENTIFICADOR DE NUMERO DE CONTROL
- campo de control: UPN
005 - FECHA Y HORA DE LA ÚLTIMA TRANSACCIÓN
- campo de control: 20220811125825.0
008 - DATOS DE LONGITUD FIJA
- campo de control de longitud fija: 220811n||acnnnbabn | ana |d
035 ## - NÚMERO DE CONTROL DEL SISTEMA
- Número de control del sistema: UPN10000025412
040 ## - FUENTE DE LA CATALOGACIÓN
- Centro catalogador de origen: UPN
- Lengua de catalogación: spa
- Agencia de transcripción: UPN
046 ## - FECHAS CON CODIFICACIÓN ESPECIAL
- Fecha final para contenidos agregados: 2022
150 ## - ENCABEZAMIENTO - TEMÁTICO
- Término de materia o nombre geográfico como elemento inicial: Movimientos sociales
- Subdivisión geográfica: América Latina
- Subdivisión de forma: Congresos
670 ## - FUENTE EN LA QUE SE LOCALIZARON DATOS
- Cita de la fuente: LC/P
- Información localizada: Social movements (May subd geog.)
902 ## - CATALOGADOR
- Catalogador: CAA/300117
